[Event "Barcelona Sant Marti op-B 22nd"]
[Site "Barcelona"]
[Date "2022.07.21"]
[Round "9"]
[White "Boldu Zabih, Llorenc"]
[Black "Delgado Camara, Lluis Felix"]
[Result "0-1"]
[WhiteElo "1525"]
[BlackElo "1733"]
[PlyCount "180"]
[EventDate "2022.07.13"]
[EventType "swiss"]
[EventRounds "9"]
[EventCountry "ESP"]
[SourceTitle "CBM 210 Extra"]
[Source "ChessBase"]
[SourceDate "2022.11.30"]
[SourceVersion "1"]
[SourceVersionDate "2022.11.30"]
[SourceQuality "1"]

1. e4 e6 2. d4 d5 3. e5 c5 4. c3 Nc6 5. Nf3 Qb6 6. a3 c4 7. Nbd2 f6 8. b3 cxb3 9. Nxb3 Bd7 10. Be3 Rc8 11. Nc5 Bxc5 12. dxc5 Qc7 13. exf6 Nxf6 14. Bb5 0-0 15. Bxc6 Bxc6 16. Qd4 Bb5 17. Bf4 Qxc5 18. Qxc5 Rxc5 19. Bd6 Rxc3 20. Bxf8 Kxf8 21. Nd4 Bd7 22. Ne2 Rb3 23. 0-0 Rb2 24. Ng3 Ke7 25. Rfb1 Rxb1+ 26. Rxb1 Bc6 27. a4 b6 28. f4 Kd6 29. Kf1 Bxa4 30. Ra1 Bb5+ 31. Ke1 a5 32. Ne2 Bc4 33. Nd4 e5 34. Nf5+ Ke6 35. Nxg7+ Kf7 36. fxe5 Kxg7 37. exf6+ Kxf6 38. Kd2 Ke5 39. Kc3 Kd6 40. Kd4 Bb3 41. g4 Bc2 42. g5 Be4 43. h4 Kc6 44. h5 Kb5 45. Re1 a4 46. Rxe4 dxe4 47. g6 hxg6 48. h6 a3 49. Kc3 e3 50. h7 a2 51. Kb2 a1Q+ 52. Kxa1 e2 53. h8Q e1Q+ 54. Kb2 Qe6 55. Qa8 Qc6 56. Qg8 Qe4 57. Qf7 Qb4+ 58. Ka1 Qc3+ 59. Kb1 Qd3+ 60. Ka1 Qd1+ 61. Kb2 Qd2+ 62. Kb1 Qe1+ 63. Kb2 Qe5+ 64. Ka2 Qd6 65. Qe8+ Qc6 66. Qe5+ Ka6 67. Qe7 Qc2+ 68. Ka1 Qc1+ 69. Ka2 Qd2+ 70. Kb1 g5 71. Qe8 Qd5 72. Qc8+ Kb5 73. Qe8+ Ka5 74. Qe7 Qc5 75. Qa7+ Kb4 76. Qf7 Qg1+ 77. Kb2 Qc5 78. Qb3+ Ka5 79. Qa2+ Kb5 80. Qe6 Qb4+ 81. Ka1 Qc3+ 82. Kb1 Qd3+ 83. Kb2 Qd4+ 84. Kb1 Qc4 85. Qd7+ Ka6 86. Qd8 g4 87. Qa8+ Kb5 88. Qe8+ Kb4 89. Qe1+ Ka4 90. Qe8+ Qb5+ 0-1

[Event "Barcelona Sant Marti op-B 21st"]
[Site "Barcelona"]
[Date "2019.07.18"]
[Round "6"]
[White "Moyano Barrero, Antonio"]
[Black "Boldu Zabih, Llorenc"]
[Result "1/2-1/2"]
[WhiteElo "1758"]
[BlackElo "1529"]
[PlyCount "98"]
[EventDate "2019.07.13"]
[EventType "swiss"]
[EventRounds "9"]
[EventCountry "ESP"]
[SourceTitle "EXT 2020"]
[Source "ChessBase"]
[SourceDate "2019.10.17"]
[SourceVersion "1"]
[SourceVersionDate "2019.10.17"]
[SourceQuality "1"]

1. d4 Nf6 2. Bg5 Ne4 3. Bf4 c5 4. d5 d6 5. f3 g5 6. Be3 Qa5+ 7. Nd2 Nxd2 8. Bxd2 Qb6 9. Bc3 Rg8 10. e4 Bg7 11. Qd2 Bxc3 12. Qxc3 Nd7 13. Ne2 Ne5 14. Ng3 a5 15. Be2 Qb4 16. Qxb4 axb4 17. 0-0 e6 18. f4 gxf4 19. Rxf4 b6 20. Bb5+ Bd7 21. Bxd7+ Kxd7 22. Nh5 Ke7 23. Ng3 Rg4 24. Ne2 Rag8 25. Rxg4 Rxg4 26. Ng3 Ng6 27. a3 exd5 28. exd5 Rc4 29. Nf5+ Kf6 30. Rf1 Rf4 31. Nxd6 Rxf1+ 32. Kxf1 bxa3 33. bxa3 Ne5 34. a4 Nd7 35. Nc4 Kf5 36. Ke2 Ke4 37. Nd6+ Kxd5 38. Nxf7 Kc4 39. Ng5 h5 40. Kd2 Kb4 41. Ne4 Kxa4 42. h3 c4 43. g4 hxg4 44. hxg4 Ne5 45. g5 b5 46. c3 Ng6 47. Kc2 Ne5 48. Nc5+ Ka3 49. Ne6 Ng6 1/2-1/2

[Event "Barcelona 150 aniversity 3"]
[Site "Barcelona"]
[Date "2019.05.10"]
[Round "3.1"]
[White "Benages Mabres, Valenti"]
[Black "Boldu Zabih, Llorenc"]
[Result "0-1"]
[WhiteElo "1700"]
[BlackElo "1564"]
[PlyCount "60"]
[EventDate "2019.04.26"]
[EventType "swiss"]
[EventRounds "9"]
[EventCountry "ESP"]
[SourceTitle "EXT 2024"]
[Source "ChessBase"]
[SourceDate "2023.10.10"]
[SourceVersion "1"]
[SourceVersionDate "2023.10.10"]
[SourceQuality "1"]

1. d4 Nf6 2. Nf3 c5 3. Bf4 cxd4 4. Nxd4 Nc6 5. c3 d6 6. h3 Qb6 7. e3 e5 8. Bh2 exd4 9. cxd4 Qxb2 10. Nd2 Bf5 11. Nc4 Qc3+ 12. Nd2 Ne4 13. Rc1 Qxd2+ 14. Qxd2 Nxd2 15. Kxd2 d5 16. Bb5 Rc8 17. Rhd1 Bb4+ 18. Ke2 0-0 19. Kf1 g5 20. f3 h5 21. Be2 Be7 22. g4 hxg4 23. hxg4 Bg6 24. Bg3 f5 25. Bd3 Kg7 26. Ke2 f4 27. exf4 gxf4 28. Bh2 Nxd4+ 29. Kf2 Bc5 30. Bxg6 Kxg6 0-1